Brazilian Journal of Morphological Sciences (Registro nro. 1157)
[ vista simple ]
| 000 -LEADER | |
|---|---|
| fixed length control field | 00727nas a22002057a 4500 |
| 008 - CAMPO DE CONTROL RECURSOS CONTINUADOS | |
| fixed length control field | 130219t20039999bl ||||| |||| 00| 0 eng d |
| 022 ## - INTERNATIONAL STANDARD SERIAL NUMBER | |
| International Standard Serial Number | 0102-9010 |
| 245 ## - TITULO | |
| Titulo | Brazilian Journal of Morphological Sciences |
| 260 ## - PUBLICACION, DISTRIBUCION, ETC. (PIE DE IMPRENTA) | |
| Lugar de publicación, distribución, etc | Sao Paulo: |
| Nombre de la editorial, distribuidor, etc. | Brazilian Society of Anatomy and Pan-American Association of Anatomy, |
| Fecha de publicación | 2003 |
| 300 ## - DESCRIPCION FISICA | |
| Extensión | v. : |
| 310 ## - FRECUENCIA ACTUAL DE LA PUBLICACION | |
| Frecuencia actual de la publicación | cuatrimestral |
| 546 ## - NOTA DE IDIOMA | |
| Nota de lenguaje | inglés |
| 590 ## - NOTAS LOCALES (RLIN) | |
| Nota local | Existencias: 2003 20(2,3); 2004 21(2,3); 2005 22(1,2); 2006 23(2-4)<br/>Del año 2003 al 2006 en BAJA DEPÓSITO. |
| 590 ## - NOTAS LOCALES (RLIN) | |
| Nota local | Indexada en: LILACS, IMLA |
| 650 ## - MATERIA-TERMINO TEMATICO | |
| Término temático | ANATOMIA |
| 9 (RLIN) | 1888 |
| 650 ## - MATERIA-TERMINO TEMATICO | |
| Término temático | MORFOLOGIA |
| 9 (RLIN) | 1889 |
| 650 ## - MATERIA-TERMINO TEMATICO | |
| Término temático | DISCIPLINAS DE LAS CIENCIAS BIOLOGICAS |
| 9 (RLIN) | 1890 |
| 856 ## - LOCALIZACION ELECTRONICA Y ACCESO | |
| Identificador Uniforme de Recurso (URI) | <a href="http://www.jms.org.br/">http://www.jms.org.br/</a> |
| 942 ## - ADDED ENTRY ELEMENTS (KOHA) | |
| Source of classification or shelving scheme | Dewey Decimal Classification |
| Item type | Continuing Resources |
No hay ítems disponibles.